Die mathematischen Hilfsmittel des Physikers.
Guardado en:
| Autor Principal: | |
|---|---|
| Formato: | Libro |
| Idioma: | German |
| Publicado: |
Berlin :
Springer,
1964.
|
| Edición: | 7. Aufl. |
| Series: | Grundlehren der mathematischen Wissenschaften in Einzeldarstellungen mit besonderer Berücksichtigung der Anwendungsgebiete ;
Bd. 4. |
| Materias: | |
| Etiquetas: |
Agregar Etiqueta
Sin Etiquetas, Sea el primero en etiquetar este registro!
|
| LEADER | 00888cam a22002411a 4500 | ||
|---|---|---|---|
| 001 | MAT.inmabb005520 | ||
| 008 | 750327s1964####xx############000#0#ger## | ||
| 005 | 20170823150103.0 | ||
| 245 | 1 | 4 | |a Die mathematischen Hilfsmittel des Physikers. |
| 250 | |a 7. Aufl. | ||
| 260 | |a Berlin : |b Springer, |c 1964. | ||
| 300 | |a xx, 536 p. : |b il. ; |c 24 cm. | ||
| 490 | 1 | |a Die Grundlehren der mathematischen Wissenschaften in Einzeldarstellungen ; |v Bd. 4 | |
| 504 | |a Bibliografía: p.[521]-525. | ||
| 510 | 4 | |a MR, |c 29 #1773 | |
| 100 | 1 | |a Madelung, Erwin, |d 1881- | |
| 830 | 0 | |a Grundlehren der mathematischen Wissenschaften in Einzeldarstellungen mit besonderer Berücksichtigung der Anwendungsgebiete ; |v Bd. 4. | |
| 650 | 0 | |a Mathematics. | |
| 650 | 0 | |a Mathematical physics. | |
| 084 | |a 69.00 |a 00A69 |2 MR | ||
| 010 | |a 64016177 | ||
| 040 | |a DLC |c MBNU |d DLC | ||
| 859 | |h 00A69 |i M181-7 |p A-2683 |b BIB. MATEMATICA | ||
